000 01786nam a22002297a 4500
999 _c62583
_d62583
003 Ge_BSU
005 20241211162937.0
008 241211s2020 ge ||||| |||| 00| 0 geo d
020 _a9789941822353
041 _ageo
080 _a574 : 504.5 კ-45
100 _aკვესიტაძე, გიორგი
_923942
245 _aთანამედროვე ეკოლოგია, გარემოს მდგომარეობა, დისბალანსის გამომწვევი მიზეზები და რემედიაციული ტექნოლოგიები :
_b[მონოგრაფია] /
_cგიორგი კვესიტაძე ; რედაქტორები: გია ხატისაშვილი, თინათინ სადუნიშვილი ; საქართველოს მეცნიერებათა ეროვნული აკადემია, საქართველოს აგრარული უნივერსიტეტი.
264 _aთბილისი :
_b მეცნიერება,
_c 2020.
300 _a260 გვ. ;
_b20 სმ.
653 _aეკოლოგია
653 _aგარემოს დაბინძურება
700 _aხატისაშვილი, გია
_e რედაქტორი
_92714
700 _aსადუნიშვილი, თინათინ
_eრედაქტორი
_923943
710 _aსაქართველოს მეცნიერებათა ეროვნული აკადემია.
_b საქართველოს აგრარული უნივერსიტეტი
_923944
942 _2udc
_cᲬᲘᲒᲜᲘ